Dibuja el Contorno de España en un Mapa - Estadísticas

Estadísticas generales
  • Esta prueba ha sido intentada 104 veces
  • La puntuación promedio es 11 de 12
Respuestas en el mapa
Las respuestas están codificadas por una escala verde-roja en el mapa de la prueba según el % correcto abajo.
 
Estadísticas de respuestas
Comunidad Autónoma % Correcto
Galicia
99%
Asturias
98%
Cantabria
94%
Navarra
93%
Andalucía
92%
Aragón
92%
Comunidad Valenciana
92%
Extremadura
92%
Murcia
92%
País Vasco
92%
Castilla y León
91%
Cataluña
91%
No se encontraron pruebas coincidentes
Distribución de puntuación
Porcentaje de gente con cada puntuación
Porcentaje por número respondido
Historial de tus puntuaciones
No has intentado esta prueba.